| 000 | 00762cam a2200157 4500500 | ||
|---|---|---|---|
| 005 | 20260322001903.0 | ||
| 041 | _afre | ||
| 042 | _adc | ||
| 100 | 1 | 0 |
_aMalcor, Marc _eauthor |
| 245 | 0 | 0 | _aMijaíl Osorguín, Dans une bourgade paisible de France. Traducido del ruso por Claire Delaunay. Presentado y anotado por Leonid Livak. Verdier, «Poustiaki», 2025, 288 páginas, 22 €. |
| 260 | _c2025. | ||
| 500 | _a69 | ||
| 520 | _aArtemisia, expuesta en el Museo Jacquemart-André, es un retrato de aquellas mujeres que se rebelan contra la violencia masculina, haciéndose eco de su propia historia. | ||
| 786 | 0 | _nÉtudes | Jui | 6 | 2025-05-21 | p. 121-121 | |
| 856 | 4 | 1 | _uhttps://shs.cairn.info/revista-etudes-2025-6-page-121?lang=es&redirect-ssocas=7080 |
| 999 |
_c1718722 _d1718722 |
||